Вибро-импульсный источник сигналов для наземной неразрушающей сейсморазведки. Корреляционные свойства излучаемых сигналов; Современные проблемы машиностроения

Chi tiết về thư mục
Parent link:Современные проблемы машиностроения.— 2008.— С. 451-454
Tác giả chính: Сикора Е. А. Евгений Александрович
Tác giả khác: Крауиньш П. Я. Петр Янович
Ngôn ngữ:Tiếng Nga
Được phát hành: 2008
Những chủ đề:
Định dạng: Chương của sách
KOHA link:https://koha.lib.tpu.ru/cgi-bin/koha/opac-detail.pl?biblionumber=158016

MARC

LEADER 00000naa2a2200000 4500
001 158016
005 20240214140527.0
035 |a (RuTPU)RU\TPU\book\171395 
090 |a 158016 
100 |a 20090416d2008 k y0rusy50 ca 
101 0 |a rus 
102 |a RU 
200 1 |a Вибро-импульсный источник сигналов для наземной неразрушающей сейсморазведки. Корреляционные свойства излучаемых сигналов  |f Е. А. Сикора, П. Я. Крауиньш 
320 |a Библиогр.: 4 назв. 
463 0 |0 (RuTPU)RU\TPU\book\164780  |t Современные проблемы машиностроения  |o труды IV Международной научно-технической конференции, 26-28 ноября 2008 г., Томск  |f Томский политехнический университет (ТПУ)  |v С. 451-454  |d 2008  |p 666 с. 
610 1 |a сейсморазведка 
610 1 |a неразрушающая сейсморазведка 
610 1 |a сигналы 
610 1 |a корреляционные свойства 
610 1 |a вибрационные источники 
610 1 |a импульсные источники 
610 1 |a труды учёных ТПУ 
700 1 |a Сикора  |b Е. А.  |c специалист в области машиностроения  |c доцент кафедры автоматизации и роботизации в машиностроении Томского политехнического университета  |f 1984-  |g Евгений Александрович  |3 (RuTPU)RU\TPU\pers\26499  |9 12201 
701 1 |a Крауиньш  |b П. Я.  |c специалист в области машиностроения  |c профессор Томского политехнического университета, доктор технических наук  |f 1939-  |g Петр Янович  |3 (RuTPU)RU\TPU\pers\21970  |9 9289 
801 1 |a RU  |b 63413507  |c 20090416  |g PSBO 
801 2 |a RU  |b 63413507  |c 20160516  |g RCR 
942 |c BK